Statistiques concernant Les plus grandes agglomérations de France

Cliquez ici pour prendre le quiz!

Statistiques générales

  • Ce quiz a été pris 251 fois
    (140 depuis la dernière actualisation)
  • Le résultat moyen est 51 sur 64

Statistiques - réponses

Population (2014) Agglomérations % Correct
10 659 000Paris
100%
1 578 000Marseille
100%
1 620 000Lyon
100%
283 000Nancy
100%
285 000Metz
100%
352 000Tours
99%
1 037 000Lille
99%
944 000Nice
99%
622 000Nantes
99%
326 000Rennes
99%
935 000Toulouse
98%
889 000Bordeaux
98%
241 000Dijon
98%
458 000Strasbourg
98%
275 000Orléans
97%
199 000Brest
97%
510 000Grenoble
97%
467 000Rouen
96%
421 000Montpellier
95%
197 000Caen
95%
198 000Perpignan
95%
237 000Le Havre
95%
222 000Angers
95%
211 000Reims
95%
126 000La Rochelle
94%
565 000Toulon
93%
264 000Clermont-Ferrand
91%
135 000Besançon
89%
210 000Le Mans
88%
185 000Nîmes
88%
372 000Saint-Étienne
87%
183 000Limoges
86%
246 000Mulhouse
86%
162 000Amiens
86%
504 000Douai-Lens
86%
197 000Pau
85%
100 000Calais
84%
234 000Bayonne
84%
166 000Annecy
84%
186 000Chambéry
83%
177 000Dunkerque
82%
177 000Saint-Denis
81%
128 000Valence
80%
128 000Poitiers
79%
114 000Lorient
76%
453 000Avignon
72%
335 000Valenciennes
68%
125 000Fort-de-France
68%
151 000Saint-Nazaire
66%
135 000Troyes
62%
165 000Saint-Pierre
58%
108 000Angoulême
58%
109 000Cayenne
58%
172 000Saint-Paul
58%
256 000Pointe-à-Pitre
56%
355 000Béthune
51%
106 000Montbéliard
49%
112 000Maubeuge
44%
174 000Annemasse
43%
119 000Creil
38%
158 000Nouméa
38%
133 000Thionville
36%
140 000Papeete
33%
134 000Le Robert
27%

Distribution des résultats

Percentile par nombre de réponses

% des personnes avec chaque résultat

Votre développement - résultats

Vous n’avez pas pris ce quiz depuis la dernière actualisation